Loreto College Library, Kolkata
WEBOPAC (ONLINE PUBLIC ACCESS CATALOGUE)

Jataka Tales, (Record no. 13775)

MARC details
000 -LEADER
fixed length control field 00559nam a2200205Ia 4500
005 - DATE AND TIME OF LATEST TRANSACTION
control field 20240105111447.0
008 - FIXED-LENGTH DATA ELEMENTS--GENERAL INFORMATION
fixed length control field 131103s9999 xx 000 0 und d
040 ## - CATALOGING SOURCE
Original cataloging agency Loreto College
041 ## - LANGUAGE CODE
Language code English
082 ## - DDC | ডিউই
Classification number | বর্গসংখ্যা 891.37
Book Number | গ্রন্থাঙ্ক FRA
100 ## - MAIN ENTRY--PERSONAL NAME | মুখ্য সংলেখ - ব্যাক্তিনাম
Personal name | ব্যাক্তিনাম Francis,H.T.
245 ## - TITLE STATEMENT | অাখ্যা বিবরণী
Title | অাখ্যা Jataka Tales,
Statement of responsibility | লেখকের দায়িত্বের বিবরণ selected by H.T.Francis and E.J.Thomas
250 ## - EDITION STATEMENT | সংস্করণ ক্ষেত্র
Edition statement | সংস্করণ Also Edited with Introduction and Notes,
260 ## - IMPRINT | প্রকাশনা ক্ষেত্র
Place of publication | প্রকাশ স্থান Bombay
Name of publisher | প্রকাশকের নাম Jaico Publishing House
Date of publication | প্রকাশ কাল 1956
300 ## - PHYSICAL DESCRIPTION |
Page / Vol. No | পৃষ্ঠা / খন্ড সংখ্যা xiv,95 p.
650 ## - SUBJECT ADDED ENTRY--TOPICAL TERM | বিষয় শিরোনাম - মূল বিষয়
Topical term | মূল বিষয় Sanskrit Fiction
700 ## - ADDED ENTRY--PERSONAL NAME | অতিরিক্ত সংলেখ - ব্
Personal name | ব্যাক্তিনাম Thomas,E.J.
850 ## - HOLDING INSTITUTION
Holding institution LCLIB
942 ## - ADDED ENTRY ELEMENTS (KOHA)
Koha item type Books
Holdings
Withdrawn status Lost status Source of classification Damaged status Not for loan Home library Current library Date acquired Total Checkouts Full call number Accession No. Date last seen Price effective from Koha item type Coded location qualifier
    Dewey Decimal Classification     Loreto College Loreto College 04/11/2013   891.37 FRA B13802 04/11/2013 04/11/2013 Books